000 00227nam a2200109Ia 4500
100 _aGaur-Nitin
_942
942 _cBK
245 _aBlockchain with Hyperledger fabric
260 _c2020
082 _a005.76 
_bGAU
300 _a724
999 _c35836
_d35836